00871cam a22002531 450000100060000000300080000600500170001400800410003103500140007203500190008604000290010504100080013404200120014208200270015410000400018124500710022126000440029230000370033665000280037390600450040194200120044699900170045895201420047514710BD-RjUL20211208235657.0190418s1949 maua 000 0 eng  a(BD-RjUL) a(OCoLC)1652626 aDLCcFMdOCoLCdDLCbeng aeng apremarc a658.4013223bJAC 19491 aJackson, Jacob Hugh,d1891-923086614aThe comptroller: his functions and organization./cJ. Hugh Jackson aCambridge:bHarvard Univ. Press,c1949. aviii, 97 p. :bdiagrs. ;c22 cm. 0aControllership.9230867 a7bcbccoclcrplduencipf19gy-gencatlg 2ddccBK c14710d14710 00102ddc40718NFICaRUCLbRUCLcReadingd1955-06-15eAlies booksg9.00l0o658.4013 JAC 1949r2019-04-18 00:00:00tC-1w2019-04-18yBK